000 00382pab a2200157 454500
008 180718b2011 xxu||||| |||| 00| 0 eng d
100 _aNair, Tara S.
245 _aMicrofinance: Lessons from a crisis
260 _c2011
300 _ap.23-26.
362 _a5 Feb
650 _aFinancial institutions
773 _aEconomic and Political Weekly
908 _aN
909 _a90854
999 _c90854
_d90854